02028cam a22003735i 4500999001700000001001200017003000900029005001700038008004100055020001800096040011100114043001200225082002100237100005400258245011700312264005600429264001000485300002300495336002600518337002800544338002800572520057800600590004101178590003701219650003101256650002101287650003501308650004501343653002701388700004101415700003901456942001201495952014701507 c27652d27623ocm11812854EG-ScBUE20201128024419.0850227t2014 dcu f 000 0 eng d a9781614277583 aDLCbengerdacDLCdNLGGCdBTCTAdNYDWHdBAKERdYDXCPdOCLCGdBDXdOCLCOdGBVCPdEZNdOCLCFdIULdEG-ScBUE an-us---04a327.174bSCB2221 aSchelling, Thomas C.,d1921-2016,eauthor.94193010aStrategy and arms control /cThomas C. Schelling, Morton H. Halperin ; with the assistance of Donald G. Brennan. 1aMansfield Centre, CT :bMartino Publishing,c[2014] 4cc2014 a148 pages ;c23 cm atextbtxt2rdacontent aunmediatedbn2rdamedia avolumebnc2rdacarrier  a2014 Reprint of 1961 Edition. Full facsimile of the original edition. Not reproduced with Optical Recognition Software. This study is an attempt to identify the meaning of arms control in the post war period. It presents an analysis of arms control with particular emphasis on the military policy involved. The general objectives of the study is to advance some aspects of the intellectual state of the art in arms control and to provide some concrete data on the technical and strategic problems of importance. Schelling remains relevant today for his work on game theory. aFrom the library of Nathaniel Davis. aIn olive green printed wrappers. 7aArms control.2BUEsh92749 7aStrategy.2BUEsh 7aMilitary policy.2BUEsh930868 7aNational securityzUnited States.2BUEsh bMASPPSScSeptember20191 aHalperin, Morton H.,eauthor. 985671 aBrennan, Donald G.eeditor.939990 2ddccBB 00102ddc40708BaccahaMAINbMAINc1STd2019-09-26ePurchaseg410.00l0o327.174 SCBp000048117r2025-07-15 00:00:00v512.50w2019-09-26yBB